|
|
|
|
| LEADER |
00000nam a22000004a 4500 |
| 001 |
00035723 |
| 003 |
AR-BaUAD |
| 005 |
20250619093219.0 |
| 008 |
240703s1991 us ahoe 011 0 eng |
| 020 |
|
|
|a 0262011220
|
| 040 |
|
|
|a DLC
|c DLC
|d AR-BaUAD
|b spa
|
| 044 |
|
|
|a us
|
| 080 |
|
|
|a 72.01
|
| 100 |
1 |
|
|a Ackerman, James S.
|
| 245 |
1 |
0 |
|a Distance points :
|b essays in theory and Renaissance art and architecture /
|c James S. Ackerman.
|
| 260 |
|
|
|a Cambridge, Mass. :
|b MIT Press,
|c c1991.
|
| 300 |
|
|
|a XXVII, 561 p. :
|b il., axonom., bocetos, cortes, detalles, fotos, plantas, planos, reprod., vistas
|c 26 cm.
|
| 500 |
|
|
|a Preface: p. VIII.
|
| 500 |
|
|
|a Xenion. A bread and butter letter / Kathleen Weil-Garris Brandt; Richard Krautheimer: p. IX-XXI.
|
| 500 |
|
|
|a Photograph credits: p. 547-548.
|
| 500 |
|
|
|a Index of names: p. 549-561.
|
| 500 |
|
|
|a Publicado en honor del autor en su cumpleaños 70.
|
| 504 |
|
|
|a James S. Ackerman: selected bibliography: p. XXII-XXVII.
|
| 504 |
|
|
|a Incluye referencias e índice bibliográfico.
|
| 505 |
0 |
|
|a I- Historical and critical theory — Style — Transactions in architectural design — Interpretation, response: toward a theory of art criticism — II- Art and Science — Alberti´s light — Leonardo´s eye — On Early Renaissance color theory and practice — Early Renaissance "Naturalism" and scientific illustrations — III- Reinassance architecture — "Ars sine scientia nihil est" — Gothic theory of architecture at the Cathedral of Milan — The Certosa of Pavia and the Reinassance in Milan — Sources of the Reinassance Villa — The Belvedere as a Classical Villa — Architectural practice in the italian Reinassance — The Capitoline Hill — The Gesú in the light of of contemporary church design — The geopolitics of Venetan architecture in the time of Titian — The Tuscan / Rustic order: a study in the metaphorical language of architecture.
|
| 546 |
|
|
|a Texto en inglés.
|
| 653 |
|
|
|a ARQUITECTURA
|
| 653 |
|
|
|a INVESTIGACION
|
| 653 |
|
|
|a ENSAYOS
|
| 653 |
|
|
|a CRITICAS
|
| 653 |
|
|
|a TEORIA
|
| 653 |
|
|
|a HISTORIA
|
| 653 |
|
|
|a ARTE
|
| 653 |
|
|
|a CIENCIA
|
| 653 |
|
|
|a RENACIMIENTO
|
| 653 |
|
|
|a ARQUITECTURA RENACENTISTA
|
| 655 |
|
4 |
|a TEXTO
|
| 700 |
|
|
|a Krautheimer, Richard
|e pról.
|
| 700 |
|
|
|a Weil-Garris Brandt, Kathleen
|e pról.
|
| 942 |
|
|
|2 udc
|c BK
|
| 952 |
|
|
|0 0
|1 0
|2 udc
|4 1
|6 1482
|7 0
|9 42526
|a AR-BaUAD
|b AR-BaUAD
|d 2024-07-04
|e Donac. Anónima
|g 54000.00
|i 37440
|l 0
|o 148-2
|r 2024-07-03 17:40:16
|t 1
|w 2024-07-03
|y BK
|
| 990 |
|
|
|a AAQ00035723
|b CC
|
| 990 |
|
|
|a RNJ
|b OP
|
| 990 |
|
|
|a AQ199
|b TD
|
| 990 |
|
|
|a A199
|b TD
|
| 998 |
|
|
|a AAQ
|b Koha2024
|
| 999 |
|
|
|c 22556
|d 22556
|